000 00469 a2200157 4500
245 _aMédecine traditionnelle et pharmacopée : contributions aux études ethnobotaniques et floristiques (Iles Maurice et Rodrigues) : rapport présenté à l'ACCT
100 _aAdjanohoun, E.
700 _aAké Assi, L.
700 _aEyme, J.
260 _c1983
300 _a214 p.
035 _a3248
999 _c17549
_d17549